| 000 | 00644nam a22002057a 4500 | ||
|---|---|---|---|
| 005 | 20250227165332.0 | ||
| 008 | 241123b ||||| |||| 00| 0 eng d | ||
| 040 | _cAL | ||
| 041 | _aeng | ||
| 082 |
_223 _a378.14 _bSTAL |
||
| 100 |
_aSt Aloysius College _9202920 |
||
| 245 | _aSt Aloysius College (Autonomous) Mangaluru: Annual Report 2022-2023 | ||
| 260 |
_aMangalore _bSt Aloysius College _c2023 |
||
| 300 |
_a362p. _bPB _c28x21cm. |
||
| 650 |
_aCollege Day-143 _9186236 |
||
| 650 |
_aSt Aloysius College (Autonomous) Mangalore _9202921 |
||
| 650 |
_aHigher Education _9186237 |
||
| 700 |
_aST ALOYSIUS COLLEGE _9186238 |
||
| 942 |
_2ddc _cDB |
||
| 999 |
_c231973 _d231973 |
||